Finite mathematics with statistics for business (Record no. 69102)

000 -LEADER
fixed length control field 00410nam a22001577a 4500
003 - CONTROL NUMBER IDENTIFIER
control field NUST - PNEC
005 - DATE AND TIME OF LATEST TRANSACTION
control field 20170116181110.0
008 - FIXED-LENGTH DATA ELEMENTS--GENERAL INFORMATION
fixed length control field 151003b xxu||||| |||| 00| 0 eng d
040 ## - CATALOGING SOURCE
Transcribing agency LIBRARY
082 ## - DEWEY DECIMAL CLASSIFICATION NUMBER
Classification number 519 CRO
100 ## - MAIN ENTRY--PERSONAL NAME
9 (RLIN) 12895
Personal name Crouch, Ralph
245 ## - TITLE STATEMENT
Title Finite mathematics with statistics for business
Statement of responsibility, etc. Crouch, Ralph
260 ## - PUBLICATION, DISTRIBUTION, ETC.
Date of publication, distribution, etc. 1968
650 ## - SUBJECT ADDED ENTRY--TOPICAL TERM
9 (RLIN) 2775
Topical term or geographic name entry element Statistics
General subdivision General
942 ## - ADDED ENTRY ELEMENTS (KOHA)
Source of classification or shelving scheme
Koha item type Book
Holdings
Withdrawn status Lost status Source of classification or shelving scheme Damaged status Not for loan Permanent Location Current Location Shelving location Date acquired Total Checkouts Full call number Barcode Date last seen Price effective from Koha item type
          Pakistan Navy Engineering College (PNEC) Pakistan Navy Engineering College (PNEC)       519 CRO PNECLIB-004823 10/03/2015   Book
© 2023 Central Library, National University of Sciences and Technology. All Rights Reserved.